|
|
แสดงรายละเอียดบรรณานุกรม |
|
|
Brief Record
: Get Marc (ISO 2709)
: E-mail record
: |
|
|
| LEADER 00000nam 2200000uu 4500 | |||
| 001 211059 | |||
| 003 ULIBM | |||
| 008 160603s||||||||th 000 0 tha d | |||
| 020 978-616-279-700-2 | |||
| 060 0 WL400 ข979 2558 | |||
| 245 00 ^aไขสันหลังบาดเจ็บ/^cกิ่งแก้ว ปาจรีย์,บรรณาธิการ. | |||
| 250 ^aพิมพ์ครั้งที่ 1. | |||
| 260 ^aกรุงเทพฯ:^bศิริราชพยาบาล คณะแพทยศาสตร์ มหาวิทยาลัยมหิดล,^c2558. | |||
| 300 ^a432 หน้า:^bภาพประกอบ;^c26 ซม. | |||
| 650 0 ^aกระดูก,โรค^xการรักษา | |||
| 650 0 ^aกระดูกสันหลัง,โรค | |||
| 650 0 ^aไขสันหลังบาดเจ็บ | |||
| 700 0 ^aกิ่งแก้ว ปาจรีย์,บรรณาธิการ | |||
| 710 0 ^a มหาวิทยาลัยมหิดล. คณะแพทยศาสตร์.ศิริราชพยาบาล | |||
| 999 ^aใช้งานได้ทุกระบบ | |||
| คุณยังไม่ได้ล็อกอิน คุณสามารถมีกิจกรรมร่วมกับเว็บไซต์ได้ แต่ต้องล็อกอินก่อน :: |
|
| สถานะ | |||||||||
| 1. | การพยาบาล (ตำราหลัก) | WL400 ข979 2558 ฉ.1 | On Shelf ขอยืม | ||||||
| Note:จัดซื้อปีงบ 59 | |||||||||
| 2. | การพยาบาล (ตำราหลัก) | WL400 ข979 2558 ฉ.2 | On Shelf ขอยืม | ||||||
| Note:จัดซื้อปีงบ 59 | |||||||||
| 3. | การพยาบาล (ตำราหลัก) | WL400 ข979 2558 ฉ.3 | On Shelf ขอยืม | ||||||
| Note:ปีงบประมาณ 2560 | |||||||||
| 4. | การพยาบาล (ตำราหลัก) | WL400 ข979 2558 ฉ.4 | On Shelf ขอยืม | ||||||
| Note:ปีงบประมาณ 2560 | |||||||||
| 5. | การพยาบาล (ตำราหลัก) | WL400 ข979 2558 ฉ.5 | On Shelf ขอยืม | ||||||
| Note:ปีงบประมาณ 2560 | |||||||||
| 6. | การพยาบาล (ตำราหลัก) | WL400 ข979 2558 ฉ.6 | On Shelf ขอยืม | ||||||
| Note:ปีงบประมาณ 2560 | |||||||||
| 7. | การพยาบาล (ตำราหลัก) | WL400 ข979 2558 ฉ.7 | On Shelf ขอยืม | ||||||
| Note:ปีงบประมาณ 2560 | |||||||||
| [แสดง 7/7 รายการ] | |||||||||
| รายการใกล้เคียง หัวเรื่อง [กระดูกสันหลัง,โรค]
|
BibComment |
| คอมเมนท์ทรัพยากรรายการนี้ |
|
|